[Event "CZE-chT2C 1617"]
[Site "Czech Republic"]
[Date "2017.04.02"]
[Round "11.5"]
[White "Hruby, Milan"]
[Black "Koys, Milan"]
[Result "1/2-1/2"]
[WhiteElo "2035"]
[BlackElo "2098"]
[PlyCount "117"]
[EventDate "2016.10.09"]
[EventType "team-tourn"]
[EventRounds "11"]
[EventCountry "CZE"]
[SourceTitle "EXT 2022"]
[Source "ChessBase"]
[SourceDate "2021.10.06"]
[SourceVersion "1"]
[SourceVersionDate "2021.10.06"]
[SourceQuality "1"]
[WhiteTeam "Tabor"]
[BlackTeam "Praha Vrsovice"]
[WhiteTeamCountry "CZE"]
[BlackTeamCountry "CZE"]

1. e4 e5 2. Nf3 d6 3. d4 Nd7 4. Bc4 c6 5. Nc3 Be7 6. a4 b6 7. 0-0 Qc7 8. Ng5 Bxg5 9. Bxg5 Ngf6 10. Re1 h6 11. Be3 Nf8 12. Qd2 Ng6 13. f3 a6 14. Rad1 0-0 15. dxe5 Nxe5 16. Bb3 Rd8 17. Qf2 Be6 18. Bxb6 Qb7 19. Bxd8 Rxd8 20. Bxe6 fxe6 21. b3 Qf7 22. f4 Neg4 23. Qh4 Qa7+ 24. Kf1 Ne3+ 25. Rxe3 Qxe3 26. Qg3 Qxg3 27. hxg3 d5 28. e5 Ng4 29. Ke2 Rb8 30. Kf3 h5 31. Na2 a5 32. Rb1 c5 33. c3 Nh6 34. b4 axb4 35. cxb4 Nf5 36. b5 Ra8 37. Nc3 Nd4+ 38. Kf2 c4 39. Rb2 Nb3 40. Kf3 d4 41. Ne4 Rxa4 42. Nd2 Nxd2+ 43. Rxd2 c3 44. Rc2 Kf7 45. Ke4 Rb4 46. b6 Kg6 47. b7 Rxb7 48. Kxd4 Rc7 49. Rxc3 Rxc3 50. Kxc3 Kf5 51. Kd4 h4 52. Kc5 hxg3 53. Kd6 Kxf4 54. Kxe6 Ke3 55. Kf5 Kf2 56. e6 Kxg2 57. e7 Kf2 58. e8Q g2 59. Qg6 1/2-1/2

[Event "Rakovnik Regional-chT 1415"]
[Site "Rakovnik"]
[Date "2015.03.01"]
[Round "9.3"]
[White "Koys, Milan"]
[Black "Kotyk, Vaclav"]
[Result "1-0"]
[WhiteElo "2129"]
[BlackElo "1967"]
[PlyCount "75"]
[EventDate "2014.10.19"]
[EventType "team-tourn"]
[EventRounds "11"]
[EventCountry "CZE"]
[SourceTitle "EXT 2016"]
[Source "ChessBase"]
[SourceDate "2015.10.08"]
[SourceVersion "1"]
[SourceVersionDate "2015.10.08"]
[SourceQuality "1"]
[WhiteTeam "Kostelec nad CL"]
[BlackTeam "Rakovnik"]
[WhiteTeamCountry "CZE"]
[BlackTeamCountry "CZE"]

1. e4 c5 2. Ne2 d6 3. Nbc3 Nf6 4. g3 Nc6 5. Bg2 g6 6. 0-0 Bg7 7. d3 0-0 8. h3 Rb8 9. f4 Nd4 10. Nxd4 cxd4 11. Ne2 e5 12. Kh2 b5 13. c3 dxc3 14. bxc3 Bb7 15. a4 exf4 16. Bxf4 a6 17. axb5 axb5 18. Qd2 Qd7 19. Bg5 Ne8 20. Ra7 Nc7 21. d4 Ne6 22. Be3 Ra8 23. Rfa1 Rxa7 24. Rxa7 Ra8 25. Qa2 Qe8 26. d5 Nc5 27. Rxa8 Bxa8 28. Bf4 Bf8 29. Nd4 Bb7 30. Qa7 Bc8 31. Qb8 b4 32. cxb4 Nxe4 33. b5 g5 34. Bc1 Qe5 35. Ne2 Nf6 36. Qxc8 Qxe2 37. Bxg5 Ne8 38. b6 1-0

[Event "Ricany op"]
[Site "Ricany"]
[Date "2012.08.31"]
[Round "7"]
[White "Kyselka, Daniel"]
[Black "Koys, Milan"]
[Result "0-1"]
[WhiteElo "1830"]
[BlackElo "2104"]
[PlyCount "64"]
[EventDate "2012.08.26"]
[EventType "swiss"]
[EventRounds "9"]
[EventCountry "CZE"]
[SourceTitle "CBM 150 Extra"]
[Source "ChessBase"]
[SourceDate "2012.10.19"]
[SourceVersion "1"]
[SourceVersionDate "2012.10.19"]
[SourceQuality "1"]

1. Nf3 Nf6 2. d3 Nc6 3. g3 e5 4. Bg2 d5 5. 0-0 Bc5 6. Nxe5 Nxe5 7. d4 Bd6 8. dxe5 Bxe5 9. c3 c6 10. Nd2 Bg4 11. Nf3 Bd6 12. h3 Bh5 13. Bg5 h6 14. Be3 0-0 15. Nd4 Qd7 16. Qc2 Bg6 17. Qc1 Rae8 18. Nb3 b6 19. c4 dxc4 20. Qxc4 c5 21. Qc1 Qe6 22. Bf4 Bxf4 23. Qxf4 Qxe2 24. Nd2 Nh5 25. Qc7 Qxd2 26. Rad1 Qxb2 27. Qxa7 c4 28. Rd6 Re6 29. Rd7 Bd3 30. Rd1 Re2 31. Bd5 Rxf2 32. Qc7 Qe2 0-1

[Event "Prague op-A 07th"]
[Site "Prague"]
[Date "2008.01.17"]
[Round "8"]
[White "Koys, Milan"]
[Black "Ganaus, Hannes"]
[Result "0-1"]
[WhiteElo "2124"]
[BlackElo "2294"]
[PlyCount "49"]
[EventDate "2008.01.11"]
[EventType "swiss"]
[EventRounds "9"]
[EventCountry "CZE"]
[SourceTitle "CBM 122 Extra"]
[Source "ChessBase"]
[SourceDate "2008.03.04"]
[SourceVersion "1"]
[SourceVersionDate "2008.03.04"]
[SourceQuality "1"]

1. e4 c6 2. d4 d5 3. exd5 cxd5 4. c3 Nc6 5. Nf3 Qc7 6. Qb3 e6 7. Bd3 Bd6 8. 0-0 Nge7 9. Re1 Bd7 10. Nbd2 f6 11. Nf1 0-0-0 12. Ne3 Na5 13. Qc2 e5 14. dxe5 fxe5 15. Bf5 e4 16. Bxd7+ Rxd7 17. Nd4 Bxh2+ 18. Kh1 Be5 19. Nb5 Qb6 20. a4 a6 21. Na3 Qh6+ 22. Kg1 Qh2+ 23. Kf1 Nc4 24. b4 Ng6 25. b5 0-1

[Event "Prague op-A 07th"]
[Site "Prague"]
[Date "2008.01.11"]
[Round "1"]
[White "Hulin, Jerome"]
[Black "Koys, Milan"]
[Result "1-0"]
[WhiteElo "2106"]
[BlackElo "2124"]
[PlyCount "55"]
[EventDate "2008.01.11"]
[EventType "swiss"]
[EventRounds "9"]
[EventCountry "CZE"]
[SourceTitle "CBM 122 Extra"]
[Source "ChessBase"]
[SourceDate "2008.03.04"]
[SourceVersion "1"]
[SourceVersionDate "2008.03.04"]
[SourceQuality "1"]

1. d4 Nf6 2. Nf3 e6 3. e3 b6 4. Bd3 Bb7 5. Nbd2 Be7 6. 0-0 d6 7. c3 Nbd7 8. Qe2 0-0 9. e4 e5 10. dxe5 Nxe5 11. Nxe5 dxe5 12. Nc4 Nd7 13. Be3 f6 14. Rad1 Qe8 15. Qg4 Bc5 16. Bh6 Qe7 17. Ne3 Bxe3 18. Bc4+ Kh8 19. Rxd7 Qxd7 20. Qxd7 Bxh6 21. f3 Rac8 22. Rd1 Be3+ 23. Kh1 a5 24. g4 Bc5 25. h4 g6 26. h5 gxh5 27. gxh5 h6 28. Qf5 1-0

[Event "Ricany op-A"]
[Site "Ricany"]
[Date "2007.08.28"]
[Round "5"]
[White "Koys, Milan"]
[Black "Vanka, Miloslav"]
[Result "1-0"]
[WhiteElo "2194"]
[BlackElo "2113"]
[PlyCount "75"]
[EventDate "2007.08.25"]
[EventType "swiss"]
[EventRounds "9"]
[EventCountry "CZE"]
[SourceTitle "EXT 2008"]
[Source "ChessBase"]
[SourceDate "2007.11.25"]
[SourceVersion "1"]
[SourceVersionDate "2007.11.25"]
[SourceQuality "1"]

1. e4 e5 2. Nf3 Nf6 3. d3 Nc6 4. c3 g6 5. Be2 Bg7 6. Nbd2 0-0 7. Nf1 h6 8. Ng3 d5 9. Bd2 dxe4 10. dxe4 Qe7 11. h4 Ng4 12. h5 Qc5 13. 0-0 Qe7 14. b4 Be6 15. a4 Rad8 16. Qc2 Nb8 17. c4 Nc6 18. c5 Nd4 19. Nxd4 exd4 20. Ra3 Qh4 21. Bxg4 Bxg4 22. hxg6 fxg6 23. e5 Bf5 24. Nxf5 Rxf5 25. Rh3 Qe7 26. Qc4+ Kh7 27. f4 Rff8 28. Rff3 Qf7 29. e6 Qe7 30. g4 c6 31. f5 gxf5 32. gxf5 Rd5 33. Qd3 Qf6 34. Qe4 Re5 35. Qg4 Re2 36. Bxh6 Bxh6 37. Rxh6+ Qxh6 38. Rh3 1-0

[Event "Ricany op-A"]
[Site "Ricany"]
[Date "2007.08.26"]
[Round "3"]
[White "Koys, Milan"]
[Black "Purnoch, Josef"]
[Result "1/2-1/2"]
[WhiteElo "2113"]
[BlackElo "2184"]
[PlyCount "108"]
[EventDate "2007.08.25"]
[EventType "swiss"]
[EventRounds "9"]
[EventCountry "CZE"]
[SourceTitle "EXT 2008"]
[Source "ChessBase"]
[SourceDate "2007.11.25"]
[SourceVersion "1"]
[SourceVersionDate "2007.11.25"]
[SourceQuality "1"]

1. e4 c5 2. Ne2 d6 3. Nbc3 a6 4. g3 b5 5. Bg2 Bb7 6. 0-0 e6 7. a3 Nf6 8. d3 Qc7 9. f4 Be7 10. h3 Nc6 11. g4 h6 12. Ng3 Nd7 13. Nce2 Bh4 14. c3 Nb6 15. Be3 Ne7 16. f5 exf5 17. Nxf5 Nxf5 18. Rxf5 g6 19. Rf1 0-0-0 20. Qd2 d5 21. Bf4 Qe7 22. e5 Rde8 23. d4 Nc4 24. Qc2 Bg5 25. Qc1 f6 26. Bxg5 fxg5 27. b3 Na5 28. Qc2 h5 29. Qxg6 hxg4 30. Rf7 Qe6 31. Qxe6+ Rxe6 32. hxg4 Nxb3 33. Raf1 Nd2 34. Rf8+ Rxf8 35. Rxf8+ Kd7 36. Ng3 cxd4 37. cxd4 Nc4 38. Nf5 Rb6 39. Ng7 Nxa3 40. e6+ Rxe6 41. Nxe6 Kxe6 42. Rb8 Bc6 43. Rb6 Kd6 44. Rxa6 Nc2 45. Kf2 Nxd4 46. Bf1 Kc5 47. Bd3 b4 48. Ra5+ Kb6 49. Ra6+ Kc5 50. Ra5+ Kb6 51. Ra6+ Kc5 52. Ra5+ Bb5 53. Ke3 b3 54. Ra8 Bc4 1/2-1/2

[Event "Czechia KP-chTB 0607"]
[Site "Czech Republic"]
[Date "2007.04.01"]
[Round "11.5"]
[White "Koys, Milan"]
[Black "Feierfeil, Jiri"]
[Result "1-0"]
[WhiteElo "2086"]
[BlackElo "1984"]
[PlyCount "75"]
[EventDate "2006.10.29"]
[EventType "team"]
[EventRounds "11"]
[EventCountry "CZE"]
[SourceTitle "EXT 2008"]
[Source "ChessBase"]
[SourceDate "2007.11.25"]
[SourceVersion "1"]
[SourceVersionDate "2007.11.25"]
[SourceQuality "1"]
[WhiteTeam "Kostelec nad CL"]
[BlackTeam "Brodce"]
[WhiteTeamCountry "CZE"]
[BlackTeamCountry "CZE"]

1. e4 c5 2. Ne2 d6 3. Nbc3 Nf6 4. g3 Nc6 5. Bg2 g6 6. 0-0 Bg7 7. d4 cxd4 8. Nxd4 Nxd4 9. Qxd4 0-0 10. Bg5 h6 11. Bd2 Be6 12. Qe3 Ng4 13. Qe2 Rc8 14. Rad1 Ne5 15. Nd5 Nc4 16. b3 Nxd2 17. Qxd2 Qd7 18. c4 b6 19. f4 f5 20. Rfe1 Rfe8 21. Re2 fxe4 22. Bxe4 Bf7 23. Qd3 g5 24. Bg6 e6 25. Ne3 Rcd8 26. fxg5 hxg5 27. Bh7+ Kh8 28. h4 gxh4 29. Rh2 Bf6 30. Ng4 Bg5 31. Rf1 Bh5 32. Nf6 Bxf6 33. Rxf6 Qxh7 34. Qe3 Kg7 35. Qg5+ Bg6 36. Rxh4 Rg8 37. Rxh7+ Kxh7 38. Rxg6 1-0

[Event "Czechia KP-chTB 0607"]
[Site "Czech Republic"]
[Date "2007.02.18"]
[Round "8.4"]
[White "Koys, Milan"]
[Black "Dlouhy, Ondrej"]
[Result "1-0"]
[WhiteElo "2086"]
[BlackElo "2091"]
[PlyCount "70"]
[EventDate "2006.10.29"]
[EventType "team"]
[EventRounds "11"]
[EventCountry "CZE"]
[SourceTitle "EXT 2008"]
[Source "ChessBase"]
[SourceDate "2007.11.25"]
[SourceVersion "1"]
[SourceVersionDate "2007.11.25"]
[SourceQuality "1"]
[WhiteTeam "Kostelec nad CL"]
[BlackTeam "Nymburk Sokol"]
[WhiteTeamCountry "CZE"]
[BlackTeamCountry "CZE"]

1. e4 d5 2. exd5 Qxd5 3. Nc3 Qa5 4. d4 Nf6 5. Nf3 Ne4 6. Bd3 Nxc3 7. bxc3 Bg4 8. 0-0 c6 9. c4 e6 10. h3 Bh5 11. Bf4 Qd8 12. c3 Bd6 13. Bxd6 Qxd6 14. Qb3 Nd7 15. Ng5 Rb8 16. Ne4 Qf4 17. Qa3 c5 18. Nxc5 Qd6 19. Qa4 b5 20. cxb5 Nxc5 21. dxc5 Qxd3 22. b6+ Kf8 23. Qf4 Qd8 24. bxa7 Ra8 25. Rab1 g5 26. Qg3 Kg7 27. Rb7 Qd5 28. c6 Rhc8 29. Rfb1 Rxc6 30. Rc7 Ra6 31. Qe3 Rxa2 32. c4 Qd6 33. Qc3+ Kh6 34. Qf6+ Bg6 35. Rxf7 Rg8 1-0

[Event "Ricany op-A"]
[Site "Ricany"]
[Date "2006.08.28"]
[Round "5"]
[White "Vlcek, Jan"]
[Black "Koys, Milan"]
[Result "1/2-1/2"]
[WhiteElo "1673"]
[BlackElo "2103"]
[PlyCount "118"]
[EventDate "2006.08.24"]
[EventType "swiss"]
[EventRounds "9"]
[EventCountry "CZE"]
[SourceTitle "EXT 2007"]
[Source "ChessBase"]
[SourceDate "2006.11.23"]
[SourceVersion "1"]
[SourceVersionDate "2006.11.23"]
[SourceQuality "1"]

1. e4 Nf6 2. Nc3 d5 3. e5 Nfd7 4. d4 c5 5. f4 cxd4 6. Qxd4 e6 7. Be3 Nc6 8. Qd2 Bb4 9. Nf3 Qa5 10. Nd4 Nc5 11. Nxc6 bxc6 12. Bxc5 Qxc5 13. a3 Bxc3 14. Qxc3 Qxc3+ 15. bxc3 Rb8 16. Bd3 f6 17. Kd2 fxe5 18. fxe5 0-0 19. Ke3 c5 20. c4 d4+ 21. Ke2 Bb7 22. Rhg1 Bc6 23. g3 Rf3 24. Rge1 Rbf8 25. Kd2 g6 26. Re2 Kg7 27. c3 dxc3+ 28. Kxc3 Rd8 29. Rd2 Kh6 30. Rf1 Rdxd3+ 31. Rxd3 Rxf1 32. Rd6 Rf3+ 33. Kb2 Be8 34. Rxe6 Bf7 35. Rc6 Bxc4 36. Rxc5 Be2 37. Ra5 a6 38. Kc2 Re3 39. Kd2 Re4 40. Rc5 Kg5 41. Rc7 h5 42. Re7 Kf5 43. Rf7+ Kg5 44. h4+ Kg4 45. Rf4+ Rxf4 46. gxf4 Kxf4 47. Kxe2 Kxe5 48. Ke3 Kf5 49. Kf3 a5 50. a4 g5 51. hxg5 Kxg5 52. Kg3 Kf5 53. Kh4 Ke4 54. Kxh5 Kd4 55. Kg4 Ke4 56. Kg3 Kd4 57. Kf3 Kc3 58. Ke2 Kb3 59. Kd1 Kxa4 1/2-1/2

[Event "Dunajska Streda op"]
[Site "Dunajska Streda"]
[Date "1999.06.15"]
[Round "6"]
[White "Szabo, Zsolt Jozsef"]
[Black "Koys, Milan"]
[Result "0-1"]
[WhiteElo "2445"]
[BlackElo "2085"]
[PlyCount "68"]
[EventDate "1999.06.12"]
[EventType "swiss"]
[EventRounds "9"]
[EventCountry "SVK"]
[SourceTitle "EXT 2006"]
[Source "ChessBase"]
[SourceDate "2005.11.24"]
[SourceVersion "1"]
[SourceVersionDate "2005.11.24"]
[SourceQuality "1"]

1. e4 Nf6 2. e5 Nd5 3. d4 d6 4. Nf3 Nc6 5. Be2 dxe5 6. Nxe5 Nxe5 7. dxe5 Bf5 8. Bd3 Bxd3 9. Qxd3 Qd7 10. 0-0 e6 11. Rd1 0-0-0 12. Qf3 Qc6 13. c4 Qxc4 14. Nc3 Be7 15. Bd2 f5 16. exf6 gxf6 17. b3 Qh4 18. Nxd5 Rxd5 19. Bc3 Rf5 20. Qe3 Kb8 21. g3 Qg4 22. Qxe6 Bc5 23. Rf1 Qf3 24. Be1 h5 25. Rc1 h4 26. Rc3 Qh5 27. h3 hxg3 28. Rxg3 Rg5 29. Kg2 f5 30. Rh1 f4 31. Rxg5 Qxg5+ 32. Kf1 Rg8 33. Qe4 Qh5 34. Qxf4 Qd5 0-1

[Event "Prague Cedok op"]
[Site "Prague"]
[Date "1996.??.??"]
[Round "6"]
[White "Koys, Milan"]
[Black "Zedek, Alois"]
[Result "1-0"]
[WhiteElo "2055"]
[BlackElo "2275"]
[PlyCount "47"]
[EventDate "1996.??.??"]
[EventType "swiss"]
[EventRounds "9"]
[EventCountry "CZE"]
[SourceTitle "EXT 2001"]
[Source "ChessBase"]
[SourceDate "2000.11.22"]
[SourceVersion "1"]
[SourceVersionDate "2000.11.22"]
[SourceQuality "1"]

1. e4 c5 2. f4 Nc6 3. Nc3 e6 4. Bb5 Nge7 5. Nf3 a6 6. Bxc6 Nxc6 7. Qe2 Nd4 8. Nxd4 cxd4 9. Nd1 Qc7 10. d3 Be7 11. 0-0 0-0 12. f5 exf5 13. exf5 Bf6 14. Nf2 Be5 15. f6 d5 16. Ng4 Bxg4 17. Qxg4 g6 18. Qh4 Qd6 19. Rf3 Rfe8 20. Bh6 Re6 21. Raf1 Rc8 22. Bg7 h5 23. Qg5 Bxf6 24. Bxf6 1-0